MARC details
| 000 -CABECERA |
| campo de control de longitud fija |
00971nam a2200229 a 4500 |
| 001 - NÚMERO DE CONTROL |
| campo de control |
000040674 |
| 005 - FECHA Y HORA DE LA ÚLTIMA TRANSACCIÓN |
| campo de control |
20201002034309.0 |
| 008 - DATOS DE LONGITUD FIJA--INFORMACIÓN GENERAL |
| campo de control de longitud fija |
130905s1999 sp 000 0 spa d |
| 020 ## - NÚMERO INTERNACIONAL ESTÁNDAR DEL LIBRO |
| Número Internacional Estándar del Libro |
8420642479 (v.1) |
| 020 ## - NÚMERO INTERNACIONAL ESTÁNDAR DEL LIBRO |
| Número Internacional Estándar del Libro |
8420642487 (v.2) |
| 040 ## - FUENTE DE LA CATALOGACIÓN |
| Centro catalogador/agencia de origen |
DO-SdBNP |
| Lengua de catalogación |
spa |
| Centro/agencia transcriptor |
BNPHU |
| 100 1# - ENTRADA PRINCIPAL--NOMBRE DE PERSONA |
| Nombre de persona |
Castells, Manuel, |
| Fechas asociadas al nombre |
1942- |
| 9 (RLIN) |
34094 |
| 240 10 - TÍTULO UNIFORME |
| Título uniforme |
The information age : economy, society and culture. |
| Lenguaje de la obra |
español |
| 245 13 - MENCIÓN DE TÍTULO |
| Título |
La era de la información : Economía, sociedad y cultura / |
| Mención de responsabilidad, etc. |
Manuel Castells ; versión castellana de Carmen Martínez Gimeno. |
| 260 ## - PUBLICACIÓN, DISTRIBUCIÓN, ETC. |
| Lugar de publicación, distribución, etc. |
Madrid : |
| Nombre del editor, distribuidor, etc. |
Alianza Editorial, |
| Fecha de publicación, distribución, etc. |
1999. |
| 300 ## - DESCRIPCIÓN FÍSICA |
| Extensión |
V. ; |
| Dimensiones |
23 cm. |
| 500 ## - NOTA GENERAL |
| Nota general |
La biblioteca posee el v.1, cuarta reimpresión 1999 : v. 2 Sexta reimpresión 2002 |
| 504 ## - NOTA DE BIBLIOGRAFÍA, ETC. |
| Nota de bibliografía, etc. |
Bibligrafía : p. 395-424 |
| 504 ## - NOTA DE BIBLIOGRAFÍA, ETC. |
| Nota de bibliografía, etc. |
Incluye referencias biobliográficas y notas al pie de las páginas |
| 505 0# - NOTA DE CONTENIDO CON FORMATO |
| Nota de contenido con formato |
v. I : |
| Título |
La sociedad red -- |
| Información miscelánea |
v. 2 : |
| Título |
El poder de la identidad -- |
| 700 1# - PUNTO DE ACCESO ADICIONAL--NOMBRE DE PERSONA |
| Nombre de persona |
Martínez Gimeno, Carmen |
| Término indicativo de función/relación |
tr. |
| 9 (RLIN) |
67040 |